000
00307nam a2200121Ia 4500
008
241028s9999 xx 000 0 und d
041
_a
eng
082
_a
658.4092 DAF
100
_a
Daft
245
_a
The Leadership Experience
260
_b
Cengage Learning India
_a
Australia
_c
2015
300
_a
620;. P. 25 Cm
999
_c
42959
_d
42959